000
00287nam a22001097a 4500
008
211025b ||||| |||| 00| 0 eng d
050
_a
8H0
_b
1
245
_a
Sample Paper and Model Test Paper HINDI
260
_a
New Delhi
_b
Goyal Brothers Prakashan
_c
2021
300
_a
1
942
_2
ddc
_c
BK
999
_c
11848
_d
11848